| 000 | 00000nas##2200000za#4500 |
| 001 | 9.513075 |
| 003 | CaOODSP |
| 005 | 20220107111855 |
| 007 | ta |
| 008 | 150406c1998||||xxc|| m #||||f| |0fre|d |
| 022 | |a1481-4668 |
| 040 | |aCaOODSP|bfre |
| 043 | |an-cn--- |
| 086 | 1 |aHP24-6F |
| 110 | 1 |aCanada.|bDivision du vieillissement et des aînés. |
| 245 | 10|aInfo-aînés |
| 260 | |aOttawa - Ontario : |bAgence de santé publique du Canada. |
| 310 | |aIrrégulier |
| 520 | 3 |aCette série de feuillets d’information offre aux aînés des renseignements sur la santé et des questions connexes qu’il faut aborder lorsqu’on vieillit. On y aborde notamment les sujets suivants : la maladie, notamment les maladies du cœur et le diabète; les changements physiques, comme la vue et la perte de l’ouïe; et les questions liées aux soins de santé, comme les aides fonctionnelles et les soins palliatifs. Chaque feuillet d’information renferme une section présentant des points d’information. |
| 563 | |aDépliant |
| 775 | 08|tInfo sheet for seniors |w(CaOODSP)9.514715 |
| 776 | 0#|tInfo-aînés |w(CaOODSP)9.501522 |